000 00616cam a22002054a 4500
005 20250605163637.0
008 250528s ||||||||||||||||||||||||d
035 _a23332
020 _a9786185036065
040 _aGR-AtMCL
_bgre
_dGR-AtMCL
_eAACR2
245 1 _aΕστιατόριο: Διοίκηση και οργάνωση επισιτιστικών επιχειρήσεων
250 _a
260 _bΠροπομπος,
_c2016
300 _a630
700 1 _aΑρβανιτης Δημητρης
700 1 _aΑρβανιτης Κωστας
942 _cBK
999 _c8358
_d8358